Tatarstan Republic - 5k+ population - Statistics

General Stats
  • This quiz has been taken 11 times
  • The average score is 6 of 46
Answers on the Map
Answers color-coded by a green-red scale on the quiz's map according to % correct below.
 
Answer Stats
Answer % Correct
Kazan'
100%
Naberezhnye Chelny
63%
Nizhnekamsk
38%
Nurlat
38%
Al'met'evsk
25%
Apastovo
25%
Bolgar
25%
Bugul'ma
25%
Buinsk
25%
Chistopol'
25%
Elabuga
25%
Leninogorsk
25%
Vysokaya Gora
25%
Agryz
13%
Aktanysh
13%
Alekseevskoe
13%
Arsk
13%
Bavly
13%
Bazarnye Mataki
13%
Kukmor
13%
Laishevo
13%
Mamadysh
13%
Osinovo
13%
Pestretsy
13%
Tetyushi
13%
Zainsk
13%
Zelenodol'sk
13%
Aksubaevo
0%
Aktyubinskiy
0%
Aznakaevo
0%
Baltasi
0%
Bogatye Saby
0%
Cheremshan
0%
Dzhalil'
0%
Kamskie Polyany
0%
Karabash
0%
Mendeleevsk
0%
Menzelinsk
0%
Muslyumovo
0%
Nizhnie Vyazovye
0%
Nizhnyaya Maktama
0%
Rybnaya Sloboda
0%
Sarmanovo
0%
Shemordan
0%
Urussu
0%
Vasil'evo
0%
No matching quizzes found
Score Distribution
Percent of People with Each Score
Percentile by Number Answered
Your Score History
You have not taken this quiz